000
00239nam a2200097Ia 4500
001
1135205
005
20250827005143.0
008
250824s9999 xx 000 0 und d
245
0
_a
TOPRAK ANA
_c
CENGİZ AYTMATOV
260
_b
KETEBE YAYINLARI
999
_c
1135205
_d
1135205